| 000 | 00488nam a2200121Ia 4500 | ||
|---|---|---|---|
| 008 | 180901s9999 xx 000 0 und d | ||
| 020 | _a9789719803652 | ||
| 100 | _aTiburcio,Ma. Jennifer R. | ||
| 245 |
_cMa. Jennifer R. Tiburcio, Carmelita C. Cardona.-- _aLaboratory manual in bacteriology : _boutcomes-based education program / |
||
| 260 |
_aQuezon City : _bC & E Publishing _c2015 |
||
| 300 |
_aix, 122 pages : _billustrations ; _c26 cm. |
||
| 650 | _aBacteriology -- Handbooks, manuals, etc. | ||
| 999 |
_c358477 _d358477 |
||